[Event "Liptovsky Mikulas Relax op"]
[Site "Liptovsky Mikulas"]
[Date "2016.11.13"]
[Round "1"]
[White "Kyselak, Pavel"]
[Black "Staffa, Lubomir"]
[Result "0-1"]
[WhiteElo "1724"]
[BlackElo "2036"]
[PlyCount "100"]
[EventDate "2016.11.13"]
[EventType "swiss"]
[EventRounds "7"]
[EventCountry "SVK"]
[SourceTitle "CBM 175 Extra"]
[Source "ChessBase"]
[SourceDate "2016.12.12"]
[SourceVersion "1"]
[SourceVersionDate "2016.12.12"]
[SourceQuality "1"]

1. c4 g6 2. Nc3 Bg7 3. d4 Nf6 4. e3 0-0 5. Be2 c6 6. Nf3 d6 7. h3 Nbd7 8. b3 Qc7 9. Bb2 e5 10. dxe5 Nxe5 11. Nxe5 dxe5 12. e4 Be6 13. 0-0 a6 14. Qc2 Rad8 15. Rac1 Rd7 16. Rfd1 Rfd8 17. Rxd7 Rxd7 18. Ba3 Qd8 19. Nb1 Bh6 20. Re1 Qa5 21. b4 Qc7 22. Bc1 Bf8 23. a3 c5 24. b5 axb5 25. cxb5 b6 26. Bc4 Bxc4 27. Qxc4 Rd4 28. Qc2 h6 29. f3 Qd7 30. Nd2 Qxb5 31. Bb2 Qd3 32. Qxd3 Rxd3 33. Nc4 Nd7 34. Re3 Rd1+ 35. Kf2 b5 36. Nxe5 Nxe5 37. Bxe5 c4 38. Ke2 Rg1 39. g4 Rg2+ 40. Kd1 Ra2 41. Bf4 Kh7 42. e5 Rxa3 43. Rxa3 Bxa3 44. Kc2 b4 45. Be3 h5 46. g5 Kg8 47. Bd4 Kf8 48. Bc5+ Ke8 49. Bd6 b3+ 50. Kb1 Bxd6 0-1

[Event "SVK-ch Seniors-B"]
[Site "Tatranske Matliare"]
[Date "2016.06.05"]
[Round "1"]
[White "Rogos, Jan"]
[Black "Kyselak, Pavel"]
[Result "1-0"]
[WhiteElo "2072"]
[BlackElo "1756"]
[PlyCount "41"]
[EventDate "2016.06.05"]
[EventType "swiss"]
[EventRounds "9"]
[EventCountry "SVK"]
[SourceTitle "EXT 2023"]
[Source "ChessBase"]
[SourceDate "2022.10.05"]
[SourceVersion "1"]
[SourceVersionDate "2022.10.05"]
[SourceQuality "1"]

1. e4 c5 2. Nf3 e6 3. d4 cxd4 4. Nxd4 a6 5. Nc3 b5 6. Bd3 Bb7 7. 0-0 Ne7 8. Bg5 f6 9. Bh4 Ng6 10. Qh5 e5 11. Nf3 Be7 12. Nd5 0-0 13. Bg3 d6 14. Ne3 Nd7 15. Nf5 Nc5 16. Qg4 Nxd3 17. cxd3 Bc8 18. N3h4 Bxf5 19. Nxf5 Rf7 20. h4 Bf8 21. h5 1-0

[Event "SVK-ch Seniors-B"]
[Site "Tatranske Matliare"]
[Date "2010.06.??"]
[Round "3"]
[White "Beno, Milan"]
[Black "Kyselak, Pavel"]
[Result "1/2-1/2"]
[WhiteElo "1710"]
[BlackElo "1859"]
[PlyCount "67"]
[EventDate "2010.06.06"]
[EventType "swiss"]
[EventRounds "9"]
[EventCountry "SVK"]
[SourceTitle "EXT 2023"]
[Source "ChessBase"]
[SourceDate "2022.10.05"]
[SourceVersion "1"]
[SourceVersionDate "2022.10.05"]
[SourceQuality "1"]

1. e4 c5 2. Nf3 d6 3. d4 cxd4 4. Nxd4 a6 5. Nc3 e5 6. Nb3 Nf6 7. Be3 b5 8. f3 Be7 9. Be2 0-0 10. 0-0 Bb7 11. a3 Qc7 12. Bd3 Nbd7 13. Ne2 Rad8 14. Ng3 Nc5 15. Nf5 Rfe8 16. Nxe7+ Qxe7 17. Na5 Ba8 18. c4 Nxd3 19. Qxd3 Qc7 20. b4 bxc4 21. Qxc4 Qc8 22. Qxc8 Rxc8 23. Rac1 d5 24. exd5 Nxd5 25. Rxc8 Rxc8 26. Bc5 f5 27. Nc4 e4 28. fxe4 fxe4 29. Nd6 Rd8 30. Nxe4 Nxb4 31. Nf6+ gxf6 32. axb4 Kf7 33. Bb6 Rd2 34. Rf2 1/2-1/2

[Event "SVK-ch Seniors-B"]
[Site "Tatranske Matliare"]
[Date "2010.06.??"]
[Round "5"]
[White "Komlos, Jan"]
[Black "Kyselak, Pavel"]
[Result "1-0"]
[WhiteElo "1728"]
[BlackElo "1859"]
[PlyCount "103"]
[EventDate "2010.06.06"]
[EventType "swiss"]
[EventRounds "9"]
[EventCountry "SVK"]
[SourceTitle "EXT 2023"]
[Source "ChessBase"]
[SourceDate "2022.10.05"]
[SourceVersion "1"]
[SourceVersionDate "2022.10.05"]
[SourceQuality "1"]

1. d4 e6 2. c4 d5 3. Nc3 c6 4. Nf3 Ne7 5. Bg5 Qc7 6. Bh4 Ng6 7. Bg3 Bd6 8. cxd5 exd5 9. Bxd6 Qxd6 10. h3 0-0 11. e3 Nd7 12. Bd3 Nb6 13. 0-0 Bd7 14. Qc2 Qf6 15. Bxg6 fxg6 16. Ne5 Bf5 17. Qe2 Rae8 18. f4 Nc8 19. Rac1 Nd6 20. b3 Re7 21. a4 g5 22. fxg5 Qxg5 23. Rf3 Rf6 24. Rcf1 Be4 25. Rxf6 gxf6 26. Qg4 Qxg4 27. Nxg4 f5 28. Ne5 Rg7 29. Nxe4 dxe4 30. Rf4 Kf8 31. Kf2 Ke7 32. Nc4 Nxc4 33. bxc4 Rf7 34. Ke2 Kd6 35. g4 Ke6 36. gxf5+ Rxf5 37. Rxe4+ Kd6 38. Rh4 Ra5 39. Rh6+ Kc7 40. Rxh7+ Kb6 41. h4 Rxa4 42. c5+ Ka6 43. Kf3 b5 44. Rc7 b4 45. Rxc6+ Kb5 46. Rc8 Kc4 47. Rb8 Ra6 48. h5 Rf6+ 49. Kg4 b3 50. Kg5 Rf2 51. c6 Rf7 52. Rb7 1-0

[Event "SVK-ch Seniors-B"]
[Site "Tatranske Matliare"]
[Date "2010.06.??"]
[Round "2"]
[White "Kyselak, Pavel"]
[Black "Jurco, Jan"]
[Result "1-0"]
[WhiteElo "1859"]
[BlackElo "1688"]
[PlyCount "123"]
[EventDate "2010.06.06"]
[EventType "swiss"]
[EventRounds "9"]
[EventCountry "SVK"]
[SourceTitle "EXT 2023"]
[Source "ChessBase"]
[SourceDate "2022.10.05"]
[SourceVersion "1"]
[SourceVersionDate "2022.10.05"]
[SourceQuality "1"]

1. e4 c5 2. Nf3 d6 3. d4 cxd4 4. Nxd4 Nf6 5. Nc3 a6 6. Be2 e6 7. Be3 b5 8. b3 Bb7 9. Bd3 Be7 10. 0-0 0-0 11. f4 Nbd7 12. h3 Nc5 13. Qf3 Nxd3 14. cxd3 Rc8 15. Qg3 Nh5 16. Qg4 Nf6 17. Qe2 h6 18. Rac1 Nh7 19. Nf3 f5 20. e5 dxe5 21. Nxe5 Bf6 22. d4 Bh4 23. Rcd1 Nf6 24. Qd3 Ne4 25. Nxe4 Bxe4 26. Qe2 Qe8 27. Rc1 Bf6 28. Rxc8 Qxc8 29. Rc1 Qb7 30. Nd3 Bxd3 31. Qxd3 Rd8 32. Rd1 Qd5 33. Qc3 e5 34. fxe5 Bxe5 35. Rd2 Bf6 36. b4 Qe4 37. Rd3 g5 38. Qb3+ Kg7 39. d5 f4 40. Bc5 Qe1+ 41. Kh2 Be5 42. Rf3 h5 43. Qd3 g4 44. Rf1 f3+ 45. Kg1 Qg3 46. Rf2 gxh3 47. Qxf3 Qxf3 48. Rxf3 h2+ 49. Kh1 Rxd5 50. g3 Rd1+ 51. Kxh2 Rd2+ 52. Kh3 Bd6 53. Rc3 Rd5 54. Kh4 Kg6 55. Be3 Be7+ 56. Kh3 Rd6 57. Bc5 Re6 58. Bxe7 Rxe7 59. Rc6+ Kg5 60. Rxa6 Re3 61. Ra5 Re5 62. a4 1-0

[Event "SVK-ch Seniors-B"]
[Site "Tatranske Matliare"]
[Date "2010.06.??"]
[Round "4"]
[White "Kyselak, Pavel"]
[Black "Matas, Stanislav"]
[Result "1/2-1/2"]
[WhiteElo "1859"]
[BlackElo "1717"]
[PlyCount "46"]
[EventDate "2010.06.06"]
[EventType "swiss"]
[EventRounds "9"]
[EventCountry "SVK"]
[SourceTitle "EXT 2023"]
[Source "ChessBase"]
[SourceDate "2022.10.05"]
[SourceVersion "1"]
[SourceVersionDate "2022.10.05"]
[SourceQuality "1"]

1. e4 e6 2. Nf3 c5 3. d4 cxd4 4. Nxd4 Nf6 5. Nc3 Bb4 6. Bd3 d6 7. Bd2 Qb6 8. Nb3 Nc6 9. 0-0 Bd7 10. a3 Bc5 11. Nxc5 dxc5 12. Na4 Qc7 13. Nxc5 0-0 14. Nxd7 Nxd7 15. Bc3 Nce5 16. f4 Ng6 17. Qg4 Rad8 18. Rf3 e5 19. Raf1 Nf6 20. Qg5 h6 21. Qg3 Nxf4 22. Bxe5 Qxe5 23. Qxf4 Qxb2 1/2-1/2

[Event "SVK-ch Seniors-B"]
[Site "Tatranske Matliare"]
[Date "2009.??.??"]
[Round "7"]
[White "Kyselak, Pavel"]
[Black "Bahna, Jan"]
[Result "0-1"]
[WhiteElo "1877"]
[BlackElo "1932"]
[PlyCount "56"]
[EventDate "2009.05.31"]
[EventType "swiss"]
[EventRounds "9"]
[EventCountry "SVK"]
[SourceTitle "EXT 2023"]
[Source "ChessBase"]
[SourceDate "2022.10.05"]
[SourceVersion "1"]
[SourceVersionDate "2022.10.05"]
[SourceQuality "1"]

1. e4 e5 2. Nf3 Nc6 3. d4 exd4 4. Nxd4 d6 5. c3 Nf6 6. Bd3 Be7 7. 0-0 0-0 8. Bc2 d5 9. Nxc6 bxc6 10. e5 Nd7 11. Qd3 g6 12. f4 f5 13. Re1 Nc5 14. Qe2 Ba6 15. Qf3 Ne4 16. Be3 Bc5 17. Bb3 Qe7 18. Kh1 Rab8 19. Nd2 Kh8 20. Rad1 Rfd8 21. Bd4 Bc8 22. Qe3 Bb6 23. Nf3 c5 24. h4 cxd4 25. cxd4 c5 26. Qg1 c4 27. Bc2 Ba5 28. Rf1 Ng3+ 0-1

[Event "SVK-ch Seniors op"]
[Site "Tatranske Matliare"]
[Date "2007.06.10"]
[Round "1"]
[White "Sturc, Gustav"]
[Black "Kyselak, Pavel"]
[Result "1-0"]
[WhiteElo "2164"]
[BlackElo "1908"]
[PlyCount "49"]
[EventDate "2007.06.10"]
[EventType "swiss"]
[EventRounds "9"]
[EventCountry "SVK"]
[SourceTitle "EXT 2008"]
[Source "ChessBase"]
[SourceDate "2007.11.25"]
[SourceVersion "1"]
[SourceVersionDate "2007.11.25"]
[SourceQuality "1"]

1. e4 c5 2. c3 e5 3. Bc4 a6 4. d3 h6 5. f4 Nc6 6. Nf3 d6 7. 0-0 Nf6 8. a4 Be7 9. Qe1 Qd7 10. fxe5 Nxe5 11. Nxe5 dxe5 12. Qg3 Rh7 13. Qxe5 Qd6 14. Qxd6 Bxd6 15. e5 Bxe5 16. Re1 Nd7 17. d4 cxd4 18. cxd4 f6 19. dxe5 fxe5 20. Nc3 g5 21. Nd5 Kd8 22. Bd2 b6 23. Bc3 Bb7 24. Rad1 Rc8 25. Nxb6 1-0